| 000 | 00509nam a2200169Ia 4500 | ||
|---|---|---|---|
| 003 | GCL | ||
| 008 | 140319s9999 xx 000 0 ara d | ||
| 040 |
_aGCL / _cGCL |
||
| 082 | 0 | 4 |
_a413.23 _bرم |
| 100 | 1 | _aروحى البعلبكى | |
| 245 | 1 | 0 |
_aالمورد قاموس عربى- انجليزى / _cروحى البعلبكى |
| 260 |
_a[S.N] : _bدار العلم للملايين ، _c1993 |
||
| 300 | _a1255 ص | ||
| 650 | 0 | 4 | _aعربى\انجليزى |
| 650 | 0 | 4 | _aالمعاجم |
| 942 |
_2ddc _cREF |
||
| 999 |
_c59729 _d59729 |
||